[Event "Summer op"]
[Site "Winnipeg CAN"]
[Date "1999.07.24"]
[Round "2"]
[White "Gibson, Kris"]
[Black "Moffat, Ron"]
[Result "0-1"]
[WhiteElo "1760"]
[BlackElo "1678"]
[PlyCount "122"]
[GameId "2160767911742961"]
[EventDate "1999.07.23"]
[EventType "swiss"]
[EventRounds "5"]
[EventCountry "CAN"]

1. e4 c5 2. Nf3 e6 3. d4 cxd4 4. Nxd4 a6 5. a4 Nf6 6. Nc3 Bb4 7. Bd3 Nc6 8. Nf3 Qa5 9. Bd2 d6 10. O-O Bd7 11. Ne2 Bxd2 12. Qxd2 Qxd2 13. Nxd2 Nb4 14. Nc4 d5 15. exd5 Nfxd5 16. Nd6+ Ke7 17. Nxb7 Rhc8 18. Rfc1 Nxd3 19. cxd3 Rxc1+ 20. Rxc1 Bxa4 21. Nc3 Nf4 22. Nc5 Bb5 23. d4 Rd8 24. g3 Ne2+ 25. Nxe2 Bxe2 26. Re1 Bb5 27. Ra1 Rxd4 28. Nxa6 Rd2 29. b3 Rb2 30. Nc5 Bc6 31. f4 Rg2+ 32. Kf1 Rxh2 33. Ra7+ Kf6 34. Rc7 Bd5 35. Nd7+ Kf5 36. Rc3 Rb2 37. Nc5 Kg4 38. Nd3 Rxb3 39. Ne5+ Kh3 40. Rxb3 Bxb3 41. Kf2 f6 42. Nd3 Kg4 43. Kg2 h5 44. Nf2+ Kf5 45. Nd3 g5 46. fxg5 Kxg5 47. Kf3 Bd5+ 48. Kf2 e5 49. Nc5 f5 50. Nd7 e4 51. Ke3 Be6 52. Ne5 Bb3 53. Kf2 f4 54. Nc6 e3+ 55. Kg1 f3 56. Ne5 f2+ 57. Kf1 Kf5 58. Nd3 Bc4 59. g4+ hxg4 60. Ke2 Bxd3+ 61. Kxd3 f1=Q+ 0-1

[Event "Summer op"]
[Site "Winnipeg CAN"]
[Date "1999.07.24"]
[Round "2"]
[White "Lafreniere, Adrian"]
[Black "Xia, Yanchong"]
[Result "1-0"]
[WhiteElo "1744"]
[BlackElo "1755"]
[PlyCount "123"]
[GameId "2160767911742962"]
[EventDate "1999.07.23"]
[EventType "swiss"]
[EventRounds "5"]
[EventCountry "CAN"]

1. d4 Nf6 2. c4 g6 3. Nc3 Bg7 4. Nf3 O-O 5. g3 d6 6. Bg2 Nc6 7. O-O a6 8. b3 Rb8 9. Bb2 Na5 10. Qd2 c5 11. Rfd1 Qc7 12. dxc5 Qxc5 13. Na4 Qc7 14. Rac1 Bd7 15. Nc3 Qc5 16. Qd4 Qxd4 17. Nxd4 Nc6 18. Nxc6 Bxc6 19. Bxc6 bxc6 20. Rd2 c5 21. Rcd1 Rb7 22. Nd5 Nxd5 23. Bxg7 Kxg7 24. Rxd5 Ra8 25. e4 a5 26. e5 a4 27. exd6 axb3 28. axb3 exd6 29. Rxd6 Rxb3 30. Rc6 Rc3 31. Rxc5 Ra4 32. Rd4 Rc2 33. Rc7 Raa2 34. Rf4 Kg8 35. Rfxf7 Rxc4 36. Rxh7 Rxc7 37. Rxc7 Ra1+ 38. Kg2 Ra2 39. h4 Kf8 40. Kf3 Kg8 41. g4 Ra4 42. Kg3 Rd4 43. f3 Rb4 44. Rc5 Rd4 45. h5 gxh5 46. Rxh5 Kg7 47. Rf5 Kg6 48. f4 Rd1 49. Rg5+ Kh6 50. Ra5 Rg1+ 51. Kf3 Rf1+ 52. Ke4 Re1+ 53. Kf5 Rb1 54. g5+ Kg7 55. Ra7+ Kg8 56. Kg6 Rb6+ 57. Kh5 Rb8 58. f5 Rf8 59. Kg6 Rb8 60. f6 Rb6 61. Ra8+ Rb8 62. Rxb8# 1-0

[Event "Summer op"]
[Site "Winnipeg CAN"]
[Date "1999.07.24"]
[Round "3"]
[White "Gushuliak, Justin"]
[Black "Lafreniere, Adrian"]
[Result "1-0"]
[WhiteElo "2107"]
[BlackElo "1744"]
[PlyCount "87"]
[GameId "2160767911742963"]
[EventDate "1999.07.23"]
[EventType "swiss"]
[EventRounds "5"]
[EventCountry "CAN"]

1. e4 e5 2. Nf3 d6 3. d4 exd4 4. Nxd4 Nf6 5. Nc3 Be7 6. Be3 O-O 7. f3 c5 8. Nb3 Nc6 9. Qd2 Na5 10. O-O-O Nxb3+ 11. axb3 Be6 12. Bg5 Qa5 13. Kb1 Rfd8 14. Nd5 Qxd2 15. Nxe7+ Kf8 16. Rxd2 Kxe7 17. Be2 h6 18. Bf4 a5 19. Rhd1 d5 20. Bc7 Rdc8 21. Be5 dxe4 22. Bxf6+ Kxf6 23. fxe4 a4 24. Bc4 axb3 25. cxb3 b5 26. Bxe6 fxe6 27. Rd7 Rc6 28. Rf1+ Kg6 29. Rff7 c4 30. Rxg7+ Kf6 31. Rc7 Rxc7 32. Rxc7 cxb3 33. Rc3 Ra4 34. e5+ Kxe5 35. Rxb3 Rg4 36. Rxb5+ Kd6 37. g3 e5 38. Kc2 h5 39. Rb6+ Kd5 40. Rh6 Rg5 41. Kd3 e4+ 42. Ke3 Rf5 43. b4 Rf3+ 44. Ke2 1-0

[Event "Summer op"]
[Site "Winnipeg CAN"]
[Date "1999.07.24"]
[Round "3"]
[White "Moffat, Ron"]
[Black "Xia, Yanchong"]
[Result "1-0"]
[WhiteElo "1678"]
[BlackElo "1755"]
[PlyCount "61"]
[GameId "2160767911742964"]
[EventDate "1999.07.23"]
[EventType "swiss"]
[EventRounds "5"]
[EventCountry "CAN"]

1. d4 Nf6 2. c4 g6 3. Nc3 Bg7 4. e4 d6 5. Be2 O-O 6. Bg5 Nbd7 7. Nf3 e5 8. d5 Nc5 9. b4 Ncd7 10. O-O a5 11. a3 Nb8 12. c5 Na6 13. Bxa6 Rxa6 14. b5 Ra8 15. c6 bxc6 16. bxc6 Ba6 17. Re1 Rb8 18. Qa4 Qe7 19. Qxa5 Ra8 20. Nb5 Bxb5 21. Qxb5 Rfb8 22. Qd3 h6 23. Bd2 Nh5 24. Rab1 Nf4 25. Rxb8+ Rxb8 26. Qc2 f5 27. Bxf4 exf4 28. exf5 Qf6 29. fxg6 Rb2 30. Qe4 Ra2 31. a4 1-0

[Event "Summer op"]
[Site "Winnipeg CAN"]
[Date "1999.07.24"]
[Round "3"]
[White "Trueman, Francis"]
[Black "Remillard, John"]
[Result "1-0"]
[WhiteElo "1452"]
[BlackElo "1615"]
[PlyCount "57"]
[GameId "2160767911742965"]
[EventDate "1999.07.23"]
[EventType "swiss"]
[EventRounds "5"]
[EventCountry "CAN"]

1. Nf3 Nc6 2. d3 b6 3. g3 Bb7 4. Bg2 Ne5 5. Nbd2 Nxf3+ 6. Nxf3 g6 7. O-O Bg7 8. c3 Nf6 9. Re1 O-O 10. e4 c5 11. Bf4 d5 12. e5 Nh5 13. Bd2 f6 14. g4 fxe5 15. gxh5 e4 16. dxe4 dxe4 17. Ng5 Qd5 18. Bxe4 Qd7 19. Qb3+ Kh8 20. Bxb7 Qxb7 21. Nf7+ Rxf7 22. Qxf7 Rf8 23. Qe6 Qf3 24. Qe3 Qxh5 25. Qg3 Rf3 26. Qg2 e5 27. Re3 Rf5 28. Rae1 Bh6 29. Rh3 1-0

[Event "Summer op"]
[Site "Winnipeg CAN"]
[Date "1999.07.25"]
[Round "3"]
[White "Gushuliak, Justin"]
[Black "Trueman, Francis"]
[Result "1-0"]
[WhiteElo "2107"]
[BlackElo "1452"]
[PlyCount "57"]
[GameId "2160767911742966"]
[EventDate "1999.07.23"]
[EventType "swiss"]
[EventRounds "5"]
[EventCountry "CAN"]

1. e4 c6 2. d4 d5 3. e5 Bf5 4. Ne2 e6 5. Ng3 Bg6 6. h4 h6 7. h5 Bh7 8. Bd3 Bxd3 9. Qxd3 Nd7 10. O-O c5 11. c3 c4 12. Qe2 f6 13. f4 f5 14. Nd2 Be7 15. Nf3 Nf8 16. Nh2 Kd7 17. b3 b5 18. a4 Qa5 19. Bb2 Qb6 20. axb5 Qxb5 21. bxc4 dxc4 22. Qf3 Qb8 23. Rfd1 Bh4 24. Nhf1 Ne7 25. Ba3 Nc6 26. d5 Qb6+ 27. Kh1 exd5 28. Qxd5+ Ke8 29. Nxf5 1-0

[Event "Summer op"]
[Site "Winnipeg CAN"]
[Date "1999.07.25"]
[Round "3"]
[White "Moffat, Ron"]
[Black "Lafreniere, Adrian"]
[Result "0-1"]
[WhiteElo "1678"]
[BlackElo "1744"]
[PlyCount "110"]
[GameId "2160767911742967"]
[EventDate "1999.07.23"]
[EventType "swiss"]
[EventRounds "5"]
[EventCountry "CAN"]

1. d4 d5 2. c4 Nf6 3. Nc3 e6 4. Bg5 Be7 5. e3 b6 6. cxd5 Nxd5 7. Bxe7 Nxe7 8. Nf3 O-O 9. Be2 Bb7 10. Rc1 Nd7 11. O-O Nd5 12. Qc2 Nxc3 13. Qxc3 Rc8 14. Qa3 a5 15. Nd2 Nf6 16. Bf3 Bxf3 17. Nxf3 Qd6 18. Qa4 Qb4 19. Qxb4 axb4 20. Rc4 c5 21. dxc5 bxc5 22. Rfc1 Nd7 23. Nd4 Ra8 24. Nb3 Rxa2 25. Nxc5 Nxc5 26. Rxc5 Rxb2 27. Rb5 h6 28. g3 Ra8 29. Rc4 Raa2 30. Rf4 b3 31. Rb8+ Kh7 32. Rxf7 Rb1+ 33. Kg2 b2 34. Rfb7 Kg6 35. Kf3 Kf6 36. h4 g6 37. Kf4 Ra4+ 38. Rb4 Rba1 39. Rxa4 Rxa4+ 40. Kf3 Ra2 41. g4 Ke5 42. Rb5+ Kd6 43. Ke4 Kc6 44. Rb3 Kc5 45. f4 Kc4 46. Rb6 Kc3 47. Ke5 Ra1 48. g5 hxg5 49. fxg5 b1=Q 50. Rxb1 Rxb1 51. Kf6 Rh1 52. Kxg6 Rxh4 53. Kf6 Re4 54. g6 Rxe3 55. g7 Rg3 0-1

[Event "Summer op"]
[Site "Winnipeg CAN"]
[Date "1999.07.25"]
[Round "3"]
[White "Xia, Yanchong"]
[Black "Gannon, Keith"]
[Result "1-0"]
[WhiteElo "1755"]
[BlackElo "1654"]
[PlyCount "109"]
[GameId "2160767911742968"]
[EventDate "1999.07.23"]
[EventType "swiss"]
[EventRounds "5"]
[EventCountry "CAN"]

1. e4 c5 2. Nf3 d6 3. d4 cxd4 4. Nxd4 Nf6 5. Nc3 e6 6. Bg5 Be7 7. f4 Nc6 8. Nb3 h6 9. Bxf6 Bxf6 10. Qd2 O-O 11. O-O-O Bxc3 12. Qxc3 Qe7 13. g4 Rd8 14. Qg3 e5 15. f5 Qg5+ 16. Kb1 Qf4 17. Qxf4 exf4 18. Bg2 Ne5 19. Rhf1 Nxg4 20. Rxf4 Ne3 21. Rd2 Nxg2 22. Rxg2 f6 23. Rf3 Kh7 24. Rfg3 Rg8 25. Rd3 Re8 26. Rdg3 Rg8 27. Nd4 Bd7 28. Kc1 Rae8 29. Rg4 Re7 30. Kd2 Kh8 31. h4 h5 32. Rf4 Be8 33. Kd3 g6 34. fxg6 Bxg6 35. Nf5 Rh7 36. Kd4 Bxf5 37. Rxg8+ Kxg8 38. Rxf5 Kf7 39. Kd5 Ke7 40. c4 Rh8 41. b4 Rh7 42. c5 dxc5 43. bxc5 Rh8 44. a4 Rc8 45. Rxh5 Rd8+ 46. Kc4 Kd7 47. Rd5+ Kc7 48. Rxd8 Kxd8 49. Kd5 Kd7 50. h5 Ke7 51. h6 Kf7 52. h7 Kg7 53. Ke6 Kxh7 54. Kxf6 Kg8 55. Ke7 1-0

[Event "Summer op"]
[Site "Winnipeg CAN"]
[Date "1999.07.25"]
[Round "5"]
[White "Gibson, Kris"]
[Black "Gushuliak, Justin"]
[Result "0-1"]
[WhiteElo "1760"]
[BlackElo "2107"]
[PlyCount "62"]
[GameId "2160767911742969"]
[EventDate "1999.07.23"]
[EventType "swiss"]
[EventRounds "5"]
[EventCountry "CAN"]

1. e4 c5 2. Nc3 Nc6 3. g3 g6 4. Bg2 Bg7 5. f4 d6 6. d3 e6 7. Nf3 Nge7 8. O-O O-O 9. Ne2 f5 10. c3 b5 11. d4 fxe4 12. Ng5 d5 13. dxc5 b4 14. Nd4 Nxd4 15. cxd4 Nf5 16. Bh3 Bxd4+ 17. Kh1 Bxc5 18. Bxf5 exf5 19. Qb3 Ba6 20. Be3 Bc4 21. Qa4 Bxe3 22. Qc6 Qe7 23. Rfe1 Rac8 24. Qa4 d4 25. Rad1 Bf2 26. Rf1 e3 27. Nf3 Qe4 28. Kg2 Bd5 29. Rxf2 exf2 30. Rxd4 Qxf3+ 31. Kh3 Qg4# 0-1

[Event "Summer op"]
[Site "Winnipeg CAN"]
[Date "1999.07.25"]
[Round "5"]
[White "Lafreniere, Adrian"]
[Black "Charter, Bennet"]
[Result "1/2-1/2"]
[WhiteElo "1744"]
[BlackElo "1651"]
[PlyCount "42"]
[GameId "2160767911742970"]
[EventDate "1999.07.23"]
[EventType "swiss"]
[EventRounds "5"]
[EventCountry "CAN"]

1. d4 d5 2. e3 c6 3. c4 e6 4. Nf3 Nf6 5. Nc3 Bd6 6. Be2 O-O 7. b3 Qc7 8. O-O Nbd7 9. Bb2 Ne4 10. Rc1 Ndf6 11. cxd5 exd5 12. Nb5 Qd8 13. Nxd6 Qxd6 14. Qc2 Bg4 15. Ne5 Bxe2 16. Qxe2 a5 17. f3 Ng5 18. Rc5 Ne6 19. Rc2 a4 20. bxa4 Rxa4 21. Bc3 Rfa8 1/2-1/2

[Event "Summer op"]
[Site "Winnipeg CAN"]
[Date "1999.07.25"]
[Round "5"]
[White "Remillard, John"]
[Black "Moffat, Ron"]
[Result "0-1"]
[WhiteElo "1615"]
[BlackElo "1678"]
[PlyCount "74"]
[GameId "2160767911742971"]
[EventDate "1999.07.23"]
[EventType "swiss"]
[EventRounds "5"]
[EventCountry "CAN"]

1. b4 e5 2. Bb2 d6 3. g3 f5 4. Bg2 Nf6 5. c4 Be7 6. d4 e4 7. e3 d5 8. c5 Be6 9. Ne2 a5 10. a3 O-O 11. Nbc3 c6 12. Na4 b5 13. Nb6 Ra7 14. Bc3 a4 15. Qc2 Nbd7 16. Nxd7 Bxd7 17. O-O-O Qe8 18. Rdf1 Bd8 19. Qd2 Bc8 20. Ng1 Re7 21. Re1 Bc7 22. Ne2 Qf7 23. f4 exf3 24. Bxf3 Ne4 25. Bxe4 fxe4 26. Ref1 Qxf1+ 27. Rxf1 Rxf1+ 28. Kc2 Rf2 29. Qe1 Ref7 30. Kd1 Rf1 31. Nf4 Rxe1+ 32. Bxe1 g5 33. Ng2 Bh3 34. Nf4 gxf4 35. gxf4 Bxf4 36. exf4 Rxf4 37. Bg3 Rf3 0-1

[Event "Summer op"]
[Site "Winnipeg CAN"]
[Date "1999.07.25"]
[Round "5"]
[White "Xia, Yanchong"]
[Black "Ott, Richard"]
[Result "1-0"]
[WhiteElo "1755"]
[BlackElo "1525"]
[PlyCount "37"]
[GameId "2160767911742972"]
[EventDate "1999.07.23"]
[EventType "swiss"]
[EventRounds "5"]
[EventCountry "CAN"]

1. e4 c5 2. Nf3 d6 3. d4 cxd4 4. Nxd4 Nf6 5. Nc3 a6 6. Bg5 Nbd7 7. f4 e6 8. Bd3 Qc7 9. Qf3 b5 10. e5 Bb7 11. Ne4 Nxe4 12. Bxe4 d5 13. Bd3 Bc5 14. Nb3 Bb6 15. O-O-O O-O 16. Qh5 g6 17. Qh6 Rfc8 18. Bf6 Nxf6 19. exf6 1-0

[Event "Tandem Swiss"]
[Site "Ottawa CAN"]
[Date "1999.04.08"]
[Round "1.1"]
[White "Pacey, Kevin"]
[Black "Peev, Pavel"]
[Result "1-0"]
[WhiteElo "2284"]
[BlackElo "2047"]
[PlyCount "59"]
[GameId "2160767911805211"]
[EventDate "1999.04.08"]
[EventType "swiss (rapid)"]
[EventRounds "6"]
[EventCountry "CAN"]

1. d4 Nf6 2. c4 g6 3. Nc3 d5 4. cxd5 Nxd5 5. e4 Nxc3 6. bxc3 Bg7 7. Bc4 c5 8. Ne2 O-O 9. O-O Nc6 10. Be3 Bg4 11. f3 Na5 12. Bd3 cxd4 13. cxd4 Be6 14. d5 Bxa1 15. Qxa1 f6 16. Rd1 Bd7 17. Nd4 Rc8 18. Kh1 Nc4 19. Bh6 Re8 20. Nc6 bxc6 21. Bxc4 cxd5 22. Bxd5+ e6 23. Bb3 Qe7 24. Be3 Kg7 25. Bxa7 Bb5 26. Bb6 Rc6 27. Bd4 Rd8 28. Bxf6+ Qxf6 29. Qxf6+ Kxf6 30. Rxd8 1-0

[Event "Tandem Swiss"]
[Site "Ottawa CAN"]
[Date "1999.04.08"]
[Round "1.2"]
[White "Peev, Pavel"]
[Black "Pacey, Kevin"]
[Result "0-1"]
[WhiteElo "2047"]
[BlackElo "2284"]
[PlyCount "66"]
[GameId "2160767911805212"]
[EventDate "1999.04.08"]
[EventType "swiss (rapid)"]
[EventRounds "6"]
[EventCountry "CAN"]

1. e4 e5 2. Nf3 Nc6 3. d4 exd4 4. Nxd4 Qf6 5. Nf3 Bb4+ 6. c3 Bc5 7. Be2 Nge7 8. Bg5 Qg6 9. Nbd2 d6 10. b4 Bb6 11. b5 Ne5 12. Bh4 Nxf3+ 13. Bxf3 Qe6 14. O-O O-O 15. Nb3 a6 16. bxa6 Rxa6 17. Qd2 Ng6 18. Bg3 Ne5 19. Bxe5 Qxe5 20. Nd4 Be6 21. Nxe6 fxe6 22. Qd3 Ra3 23. Rfc1 Rfa8 24. Qc4 R8a4 25. Qd3 Rxa2 26. Rxa2 Rxa2 27. Rf1 Ra3 28. Bg4 h5 29. Bh3 Kh8 30. Qf3 Rxc3 31. Qf8+ Kh7 32. Qf7 Qf6 33. Qd7 Qxf2+ 0-1

[Event "Tandem Swiss"]
[Site "Ottawa CAN"]
[Date "1999.04.15"]
[Round "2.1"]
[White "Pacey, Kevin"]
[Black "Dutton, Warren"]
[Result "1-0"]
[WhiteElo "2284"]
[BlackElo "2174"]
[PlyCount "63"]
[GameId "2160767911805213"]
[EventDate "1999.04.08"]
[EventType "swiss (rapid)"]
[EventRounds "6"]
[EventCountry "CAN"]

1. e4 c5 2. Nf3 Nc6 3. d4 cxd4 4. Nxd4 Nf6 5. Nc3 e6 6. Ndb5 d6 7. Bf4 e5 8. Bg5 a6 9. Na3 b5 10. Bxf6 gxf6 11. Nd5 Be6 12. c3 Rc8 13. Nc2 Bg7 14. Nce3 O-O 15. Bd3 Nb8 16. a4 bxa4 17. Qxa4 Bh6 18. O-O Kh8 19. Qa5 Bxe3 20. fxe3 Bxd5 21. exd5 Rc5 22. Qb4 Rg8 23. Qe4 Rg6 24. Qh4 Kg7 25. Bxg6 fxg6 26. e4 Rc4 27. Rf2 Qf8 28. Qg4 f5 29. Qe2 Rxe4 30. Qxe4 fxe4 31. Rxf8 Kxf8 32. Ra4 1-0

[Event "Tandem Swiss"]
[Site "Ottawa CAN"]
[Date "1999.04.15"]
[Round "2.2"]
[White "Dutton, Warren"]
[Black "Pacey, Kevin"]
[Result "0-1"]
[WhiteElo "2174"]
[BlackElo "2284"]
[PlyCount "66"]
[GameId "2160767911805214"]
[EventDate "1999.04.08"]
[EventType "swiss (rapid)"]
[EventRounds "6"]
[EventCountry "CAN"]

1. d4 d5 2. c4 e6 3. Nf3 Nf6 4. Nc3 Be7 5. Bf4 O-O 6. e3 c5 7. h3 Nc6 8. dxc5 Bxc5 9. cxd5 Nxd5 10. Nxd5 exd5 11. a3 d4 12. Rc1 Bb6 13. e4 Qf6 14. Qd2 Na5 15. e5 Qe7 16. Bd3 Nb3 17. Bxh7+ Kh8 18. Qd3 Nxc1 19. Bxc1 g6 20. O-O Kxh7 21. Bg5 Bf5 22. Qd2 f6 23. exf6 Rxf6 24. Re1 Qg7 25. Bxf6 Qxf6 26. Qf4 Rf8 27. Ng5+ Kg7 28. g4 Bc8 29. Qxf6+ Rxf6 30. Re7+ Kf8 31. Rh7 d3 32. Rh8+ Kg7 33. Rxc8 d2 0-1

[Event "Tandem Swiss"]
[Site "Ottawa CAN"]
[Date "1999.04.22"]
[Round "3.1"]
[White "Oldland, Ray"]
[Black "Pacey, Kevin"]
[Result "0-1"]
[WhiteElo "1655"]
[BlackElo "2299"]
[PlyCount "74"]
[GameId "2160767911805215"]
[EventDate "1999.04.08"]
[EventType "swiss (rapid)"]
[EventRounds "6"]
[EventCountry "CAN"]

1. e4 e5 2. Nf3 Nc6 3. d4 exd4 4. Nxd4 Nf6 5. Bg5 h6 6. Nxc6 bxc6 7. Bh4 g5 8. e5 gxh4 9. exf6 Qxf6 10. Nc3 Bb4 11. Qe2+ Qe6 12. Qxe6+ fxe6 13. Kd2 O-O 14. f3 d5 15. a3 Bd6 16. Ne2 e5 17. Re1 c5 18. g4 c6 19. Bg2 h3 20. Bxh3 Rxf3 21. Bg2 Rf2 22. Bh3 e4 23. Ref1 Rxf1 24. Rxf1 Be5 25. c3 d4 26. cxd4 cxd4 27. Rc1 e3+ 28. Kd3 Ba6+ 29. Ke4 Bxe2 30. Kxe5 d3 31. Rxc6 Re8+ 32. Kf5 Rf8+ 33. Ke5 d2 34. g5 d1=Q 35. Rg6+ Kh7 36. Rxh6+ Kg7 37. Be6 Rd8 0-1

[Event "Tandem Swiss"]
[Site "Ottawa CAN"]
[Date "1999.04.22"]
[Round "3.2"]
[White "Pacey, Kevin"]
[Black "Oldland, Ray"]
[Result "1-0"]
[WhiteElo "2299"]
[BlackElo "1655"]
[PlyCount "63"]
[GameId "2160767911805216"]
[EventDate "1999.04.08"]
[EventType "swiss (rapid)"]
[EventRounds "6"]
[EventCountry "CAN"]

1. e4 Nf6 2. e5 Nd5 3. d4 d6 4. c4 Nb6 5. exd6 cxd6 6. Nc3 e6 7. Nf3 Be7 8. Be2 O-O 9. O-O e5 10. dxe5 dxe5 11. Qxd8 Bxd8 12. Nxe5 Re8 13. Nf3 Bg4 14. h3 Bh5 15. c5 N6d7 16. Be3 Nc6 17. Rfd1 Nde5 18. Nxe5 Bxe2 19. Nxc6 Bxd1 20. Nxd8 Bf3 21. Nxf7 Kxf7 22. gxf3 Kg8 23. b4 Re6 24. Rd1 b6 25. Rd7 bxc5 26. bxc5 a6 27. Nd5 Rb8 28. c6 Rb1+ 29. Kh2 Kf8 30. Bc5+ Kg8 31. Rd8+ Kf7 32. Rf8+ 1-0

[Event "Thanksgiving op"]
[Site "Winnipeg CAN"]
[Date "1999.10.09"]
[Round "1"]
[White "Fullbrook, Nigel"]
[Black "Gibson, Kris"]
[Result "1-0"]
[WhiteElo "2225"]
[BlackElo "1730"]
[PlyCount "47"]
[GameId "2160767911742034"]
[EventDate "1999.10.09"]
[EventType "swiss"]
[EventRounds "6"]
[EventCountry "CAN"]
[SourceTitle "Albertabase"]
[SourceDate "2003.08.17"]
[SourceVersion "1"]
[SourceVersionDate "2003.08.17"]
[SourceQuality "1"]

1. e4 c5 2. Nf3 e6 3. c3 Nf6 4. e5 Nd5 5. d4 Nc6 6. c4 Ndb4 7. d5 exd5 8. cxd5 Nd4 9. Na3 Nxd5 10. Nxd4 cxd4 11. Qxd4 Qa5+ 12. Bd2 Bb4 13. Nc4 Bxd2+ 14. Qxd2 Qxd2+ 15. Kxd2 O-O 16. Nd6 Nc7 17. Rc1 Ne6 18. Bc4 Rb8 19. Ke3 b6 20. Bxe6 fxe6 21. Rc7 a5 22. Rhc1 Ba6 23. Rxd7 Rbd8 24. Re7 1-0

[Event "Thanksgiving op"]
[Site "Winnipeg CAN"]
[Date "1999.10.09"]
[Round "2"]
[White "Cleto, Sam"]
[Black "Fullbrook, Nigel"]
[Result "0-1"]
[WhiteElo "1936"]
[BlackElo "2225"]
[PlyCount "58"]
[GameId "2160767911742039"]
[EventDate "1999.10.09"]
[EventType "swiss"]
[EventRounds "6"]
[EventCountry "CAN"]
[SourceTitle "Albertabase"]
[SourceDate "2003.08.17"]
[SourceVersion "1"]
[SourceVersionDate "2003.08.17"]
[SourceQuality "1"]

1. Nf3 Nf6 2. d4 g6 3. Nc3 Bg7 4. e4 d6 5. Bb5+ c6 6. Be2 b5 7. e5 dxe5 8. dxe5 Qxd1+ 9. Nxd1 Ng4 10. Bf4 Nd7 11. e6 fxe6 12. Ng5 Nde5 13. h3 Nh6 14. g4 O-O 15. Bg3 Nhf7 16. Nxf7 Nxf7 17. c3 Bb7 18. O-O Rad8 19. f4 Rd2 20. Rf2 e5 21. fxe5 Bxe5 22. Kh2 Ng5 23. Rxf8+ Kxf8 24. Bxe5 Rxe2+ 25. Kg3 Rxe5 26. Kf4 Rd5 27. Ne3 Nxh3+ 28. Kg3 Rd3 29. Rf1+ Kg7 0-1

[Event "Thanksgiving op"]
[Site "Winnipeg CAN"]
[Date "1999.10.10"]
[Round "3"]
[White "Fullbrook, Nigel"]
[Black "Kirton, Dale"]
[Result "1/2-1/2"]
[WhiteElo "2225"]
[BlackElo "2214"]
[PlyCount "40"]
[GameId "2160767911742043"]
[EventDate "1999.10.09"]
[EventType "swiss"]
[EventRounds "6"]
[EventCountry "CAN"]
[SourceTitle "Albertabase"]
[SourceDate "2003.08.17"]
[SourceVersion "1"]
[SourceVersionDate "2003.08.17"]
[SourceQuality "1"]

1. e4 c5 2. Nf3 d6 3. d4 cxd4 4. Nxd4 Nf6 5. Nc3 a6 6. Bd3 e5 7. Nde2 Nbd7 8. Bg5 Be7 9. O-O b5 10. b4 Bb7 11. a4 bxa4 12. Rxa4 O-O 13. Qa1 d5 14. exd5 Nxd5 15. Bxe7 Qxe7 16. Nxd5 Bxd5 17. Ra5 Bb7 18. Bxa6 Rxa6 19. Rxa6 Bxa6 20. Qxa6 Qxb4 1/2-1/2

[Event "Thanksgiving op"]
[Site "Winnipeg CAN"]
[Date "1999.10.10"]
[Round "4"]
[White "Gustafson, Dale"]
[Black "Fullbrook, Nigel"]
[Result "0-1"]
[WhiteElo "2036"]
[BlackElo "2225"]
[PlyCount "72"]
[GameId "2160767911742047"]
[EventDate "1999.10.09"]
[EventType "swiss"]
[EventRounds "6"]
[EventCountry "CAN"]
[SourceTitle "EXT 2002"]
[Source "ChessBase"]
[SourceDate "2001.11.25"]
[SourceVersion "1"]
[SourceVersionDate "2001.11.25"]
[SourceQuality "1"]

1. e4 d6 2. Nc3 g6 3. g3 c5 4. Bg2 Nc6 5. d3 Bg7 6. f4 e6 7. Nf3 Nge7 8. O-O O-O 9. Be3 Nd4 10. Qd2 Nec6 11. Rae1 Rb8 12. Nd1 b5 13. c3 Nxf3+ 14. Bxf3 e5 15. f5 Qa5 16. Bh6 Qxa2 17. Bxg7 Kxg7 18. Ne3 f6 19. fxg6 hxg6 20. Nd5 Qa5 21. Bg2 Qd8 22. Rf2 Rb7 23. Ref1 Rbf7 24. Qe2 Be6 25. Ne3 a5 26. g4 Rh8 27. Qf3 g5 28. Qd1 Ne7 29. d4 cxd4 30. cxd4 Ng6 31. d5 Bd7 32. Qd3 Nf4 33. Qd2 Qb6 34. Rc1 Rc8 35. Kh1 Rff8 36. Rff1 Qd4 0-1

[Event "Thanksgiving op"]
[Site "Winnipeg CAN"]
[Date "1999.10.11"]
[Round "5"]
[White "Fullbrook, Nigel"]
[Black "Lukic, Luka"]
[Result "1-0"]
[WhiteElo "2225"]
[BlackElo "1948"]
[PlyCount "67"]
[GameId "2160767911742051"]
[EventDate "1999.10.09"]
[EventType "swiss"]
[EventRounds "6"]
[EventCountry "CAN"]
[SourceTitle "Albertabase"]
[SourceDate "2003.08.17"]
[SourceVersion "1"]
[SourceVersionDate "2003.08.17"]
[SourceQuality "1"]

1. e4 d6 2. d4 Nf6 3. Nc3 g6 4. Bg5 Bg7 5. e5 Nfd7 6. Nf3 Nb6 7. a4 a5 8. h3 O-O 9. Be2 Na6 10. O-O Nb4 11. Nb5 d5 12. c3 Na6 13. Re1 c6 14. Nd6 Qc7 15. Nxc8 Rfxc8 16. e6 f6 17. Bh4 Bh6 18. Bd3 Kh8 19. Nd2 Qf4 20. Nf3 Qc7 21. Bg3 Bf4 22. Bxf4 Qxf4 23. g3 Qc7 24. h4 Rg8 25. Kg2 Rg7 26. Rh1 Nc4 27. Qe2 Nd6 28. h5 f5 29. hxg6 Rxg6 30. Ne5 Rg7 31. Qh5 Kg8 32. Bxf5 Nxf5 33. Qxf5 Rf8 34. Nf7 1-0

[Event "Thanksgiving op"]
[Site "Winnipeg CAN"]
[Date "1999.10.11"]
[Round "6"]
[White "Fullbrook, Nigel"]
[Black "Sadov, Sergey"]
[Result "1-0"]
[WhiteElo "2225"]
[BlackElo "2072"]
[PlyCount "61"]
[GameId "2160767911742054"]
[EventDate "1999.10.09"]
[EventType "swiss"]
[EventRounds "6"]
[EventCountry "CAN"]
[SourceTitle "Albertabase"]
[SourceDate "2003.08.17"]
[SourceVersion "1"]
[SourceVersionDate "2003.08.17"]
[SourceQuality "1"]

1. e4 e5 2. Nf3 Nc6 3. Bb5 a6 4. Ba4 Nf6 5. O-O Be7 6. Bxc6 bxc6 7. d4 Nxe4 8. Nxe5 O-O 9. Re1 Ng5 10. Nc3 Ne6 11. f4 f5 12. Qd3 Qe8 13. Be3 Rb8 14. b3 Bb4 15. Rf1 d6 16. Nf3 Bxc3 17. Qxc3 Bb7 18. Rae1 Qd7 19. Qd3 Rf7 20. c4 h6 21. Re2 Nf8 22. Rfe1 Nh7 23. Bc1 Nf6 24. Nh4 Nh7 25. Ng6 Nf8 26. Re7 Rxe7 27. Rxe7 Qc8 28. Qg3 Nxg6 29. Qxg6 Qf8 30. Rxc7 Re8 31. Ba3 1-0

[Event "Toronto op"]
[Site "Toronto CAN"]
[Date "1999.04.02"]
[Round "1"]
[White "Cohen, David"]
[Black "Gillanders, Robert"]
[Result "1-0"]
[WhiteElo "2029"]
[BlackElo "1849"]
[PlyCount "91"]
[GameId "2160767911805246"]
[EventDate "1999.04.02"]
[EventType "swiss"]
[EventRounds "6"]
[EventCountry "CAN"]

1. e4 c5 2. Nf3 Nc6 3. d4 cxd4 4. Nxd4 e5 5. Nb5 d6 6. Be2 Nf6 7. Bg5 Be7 8. Bxf6 gxf6 9. N1c3 a6 10. Na3 Be6 11. Nc4 f5 12. exf5 Bxf5 13. Ne3 Be6 14. Qd2 Rc8 15. Ncd5 Bg5 16. Bh5 O-O 17. O-O Bxd5 18. Qxd5 Nd4 19. c3 Rc5 20. Qxb7 Ne6 21. Qxa6 Nf4 22. Bg4 e4 23. Bf5 Re5 24. Rad1 Nd3 25. Rxd3 exd3 26. Qxd3 Bxe3 27. Bxh7+ Kh8 28. fxe3 Qe7 29. Rf3 Re8 30. Bf5 Rxe3 31. Rxe3 Qxe3+ 32. Qxe3 Rxe3 33. Kf2 Re5 34. Bd3 Kg7 35. b4 Rd5 36. Ke3 Re5+ 37. Kd4 Re1 38. a4 Rd1 39. a5 Rd2 40. a6 Rxg2 41. b5 Rxh2 42. b6 Rh4+ 43. Kd5 Rh5+ 44. Kxd6 f5 45. a7 f4 46. a8=Q 1-0